000 00683nam a22001937a 4500
999 _c15755
_d15755
003 OSt
005 20201118100530.0
008 181213b ||||| |||| 00| 0 eng d
022 _a0730-3084
040 _c0
082 _aDPer 613.705 J863 Sept 2015-Apr 2016 v. 86-87
100 _aHumphreys, Michael.
_942566
245 _aBringing respect to the gymnasium:
_ba roadmap for physical educators/
_cMichael Humphreys.
260 _aPhiladelphia:
_bShape America-Society of Health and Physical Educators,
_c©Sept 2015-Apr 2016.
300 _av86, n9, pages 9-12:
_billustrations;
_c28 cm.
500 _aJOPERD
650 _aTeachers
_xPhysical educators.
_933110
942 _2ddc
_cPER